| 000 | 00413nam a2200169Ia 4500 | ||
|---|---|---|---|
| 100 | _aBerry/Michael J.A/ Linoff/G.S | ||
| 650 | _aData Mining | ||
| 942 | _cBK | ||
| 366 | _f20 | ||
| 654 | _adata mining | ||
| 245 | _aMastering data mining: The art and science of customer relationship Management (CRM) | ||
| 260 |
_bWiley _c2000 |
||
| 082 |
_a5.74 _bBER |
||
| 300 | _a494 | ||
| 546 | _aENGLISH | ||
| 999 |
_c26793 _d26793 |
||